Score 0/16 Timer 01:00
7 Plays Today
% Correct
Ronald McDonald
94.7%
Wendy
94.4%
Jolly Green Giant
94.2%
Mr. Owl
93.6%
Mr. Peanut
93.5%
Chester Cheetah
93.2%
Kool-Aid Man
93.2%
The Burger King
92.1%
% Correct
Chef Boyardee
91.7%
Colonel Sanders
91.7%
Pillsbury Doughboy
91%
Little Caesar
90.7%
Chuck E. Cheese
90%
Big Boy
86.6%
The Noid
79.3%
Jack
79.2%
Remove Ads.
Support Sporcle.
Get the best of Sporcle when you Go Orange. This ad-free experience offers more features, more stats, and more fun while also helping to support Sporcle. Thank you for becoming a member.

You're not logged in!

Compare scores with friends on all Sporcle quizzes.
OR
Log In

Show Comments

Extras

Top Quizzes Today


Score Distribution

Your Account Isn't Verified!

In order to create a playlist on Sporcle, you need to verify the email address you used during registration. Go to your Sporcle Settings to finish the process.

Report this User

Report this user for behavior that violates our Community Guidelines.

Details: